[Event "Southend Easter op 64th"]
[Site "Southend"]
[Date "2022.04.15"]
[Round "2"]
[White "Thatte, Nishchal"]
[Black "Valentine, Tim"]
[Result "1-0"]
[WhiteElo "1892"]
[BlackElo "1591"]
[PlyCount "61"]
[EventDate "2022.04.15"]
[EventType "swiss"]
[EventRounds "7"]
[EventCountry "ENG"]
[SourceTitle "CBM 207 Extra"]
[Source "ChessBase"]
[SourceDate "2022.05.31"]
[SourceVersion "1"]
[SourceVersionDate "2022.05.31"]
[SourceQuality "1"]

1. d4 Nf6 2. c4 Nc6 3. Nf3 e6 4. g3 d5 5. Bg2 dxc4 6. 0-0 Rb8 7. e3 Be7 8. Nfd2 Na5 9. Qa4+ c6 10. Nxc4 Nxc4 11. Qxc4 0-0 12. Nc3 Qd6 13. Rd1 e5 14. Qa4 Ra8 15. Qc2 Be6 16. b3 Qc7 17. Bb2 exd4 18. Nb5 Qb6 19. Nxd4 Bd7 20. Nf3 Bg4 21. Rd4 Rad8 22. Ng5 g6 23. Rf4 Bf5 24. Rxf5 Ng4 25. Qc3 f6 26. Qc4+ Rd5 27. Rxd5 Nxe3 28. fxe3 Qxe3+ 29. Kh1 cxd5 30. Qxd5+ Kg7 31. Ne6+ 1-0

[Event "London Classic op U1825 11th"]
[Site "London"]
[Date "2019.12.01"]
[Round "4"]
[White "Valentine, Tim"]
[Black "Murawski, Jan"]
[Result "1-0"]
[WhiteElo "1621"]
[BlackElo "1108"]
[PlyCount "57"]
[EventDate "2019.11.29"]
[EventType "swiss"]
[EventRounds "5"]
[EventCountry "ENG"]
[SourceTitle "CBM 195 Extra"]
[Source "ChessBase"]
[SourceDate "2020.05.31"]
[SourceVersion "1"]
[SourceVersionDate "2020.05.31"]
[SourceQuality "1"]

1. e4 e5 2. Nf3 Nc6 3. Bb5 a6 4. Bxc6 bxc6 5. 0-0 d6 6. h3 Nf6 7. Re1 Be7 8. d4 exd4 9. Nxd4 Bd7 10. e5 dxe5 11. Rxe5 Bxh3 12. gxh3 c5 13. Rxe7+ Qxe7 14. Nf5 Rd8 15. Qf1 Qd7 16. Ng3 0-0 17. Nc3 Nd5 18. Nxd5 Qxd5 19. Be3 Qc6 20. Qg2 Qg6 21. Bxc5 Rfe8 22. c3 Rd2 23. b4 Rde2 24. Nxe2 Qxg2+ 25. Kxg2 Rxe2 26. Rd1 h6 27. a4 Rc2 28. Bd4 c6 29. Re1 1-0

[Event "London Classic U1825 op 10th"]
[Site "London"]
[Date "2018.12.16"]
[Round "4"]
[White "Valentine, Tim"]
[Black "Latypov, Egor"]
[Result "1-0"]
[WhiteElo "1566"]
[BlackElo "1656"]
[PlyCount "77"]
[EventDate "2018.12.14"]
[EventType "swiss"]
[EventRounds "5"]
[EventCountry "ENG"]
[SourceTitle "CBM 187 Extra"]
[Source "ChessBase"]
[SourceDate "2018.11.04"]
[SourceVersion "1"]
[SourceVersionDate "2018.11.04"]
[SourceQuality "1"]

1. e4 c5 2. Nf3 Nc6 3. d4 cxd4 4. Nxd4 d6 5. Nc3 Nf6 6. Bg5 e6 7. Qd2 Qb6 8. Nb3 a6 9. Be3 Qc7 10. f3 Be7 11. 0-0-0 0-0 12. g4 b5 13. g5 Nd7 14. f4 Nb6 15. h4 Nc4 16. Bxc4 bxc4 17. Nd4 Rb8 18. Rdg1 Bd7 19. h5 Qb7 20. Nd1 Nb4 21. Nc3 Nxa2+ 22. Nxa2 Qxb2+ 23. Kd1 Qxa2 24. Ke2 e5 25. Nf5 Bxf5 26. exf5 c3 27. Qd3 Rb2 28. g6 Rxc2+ 29. Kf3 exf4 30. gxh7+ Kh8 31. h6 Bf6 32. hxg7+ Bxg7 33. f6 Bxf6 34. Qxd6 Be7 35. Rg8+ Rxg8 36. Bd4+ f6 37. Bxf6+ Bxf6 38. Qxf6+ Rg7 39. Qf8+ 1-0

[Event "London Classic U1825 op 10th"]
[Site "London"]
[Date "2018.12.15"]
[Round "3"]
[White "Ganev, Gantcho"]
[Black "Valentine, Tim"]
[Result "0-1"]
[WhiteElo "1634"]
[BlackElo "1566"]
[PlyCount "96"]
[EventDate "2018.12.14"]
[EventType "swiss"]
[EventRounds "5"]
[EventCountry "ENG"]
[SourceTitle "CBM 187 Extra"]
[Source "ChessBase"]
[SourceDate "2018.11.04"]
[SourceVersion "1"]
[SourceVersionDate "2018.11.04"]
[SourceQuality "1"]

1. b4 e5 2. Bb2 d6 3. e4 Be6 4. c4 Nf6 5. Nc3 Be7 6. Qa4+ Nbd7 7. Nf3 0-0 8. d4 Bg4 9. d5 Bxf3 10. gxf3 Nh5 11. Bc1 Nb6 12. Qc2 Bg5 13. Ne2 Bxc1 14. Rxc1 f5 15. exf5 Nf4 16. h4 Nxe2 17. Bxe2 Qf6 18. Bd3 Rae8 19. Qd2 e4 20. fxe4 Qxf5 21. Qe3 Qe5 22. Rg1 Qb2 23. Kf1 Qf6 24. Qg3 Nd7 25. Bb1 Ne5 26. Rc3 Re7 27. Ke2 Ref7 28. Rf1 Nf3 29. Rfc1 Ne5 30. Rf1 Nf3 31. Rfc1 Nd4+ 32. Ke1 Qxf2+ 33. Qxf2 Rxf2 34. Bd3 Rxa2 35. Bc2 Rf4 36. c5 Nxc2+ 37. R1xc2 Rxc2 38. Rxc2 Rxe4+ 39. Re2 Rxe2+ 40. Kxe2 dxc5 41. bxc5 Kf7 42. Kd3 g6 43. Kc4 h6 44. Kb5 a6+ 45. Ka5 g5 46. hxg5 hxg5 47. c6 b6+ 48. Kxa6 Ke7 0-1

[Event "London Classic U1825 op 10th"]
[Site "London"]
[Date "2018.12.15"]
[Round "2"]
[White "Valentine, Tim"]
[Black "Walshaw, David"]
[Result "1-0"]
[WhiteElo "1566"]
[BlackElo "1705"]
[PlyCount "61"]
[EventDate "2018.12.14"]
[EventType "swiss"]
[EventRounds "5"]
[EventCountry "ENG"]
[SourceTitle "CBM 187 Extra"]
[Source "ChessBase"]
[SourceDate "2018.11.04"]
[SourceVersion "1"]
[SourceVersionDate "2018.11.04"]
[SourceQuality "1"]

1. e4 g6 2. d4 Bg7 3. Nc3 c5 4. Nf3 cxd4 5. Nxd4 Nc6 6. Be3 Nf6 7. Bc4 0-0 8. f3 d6 9. Qd2 Bd7 10. 0-0-0 Rc8 11. Bb3 Ne5 12. Kb1 Nc4 13. Bxc4 Rxc4 14. g4 a6 15. h4 h5 16. gxh5 Nxh5 17. Rdg1 b5 18. Nd5 e6 19. Nc3 Qc7 20. f4 Rc8 21. f5 b4 22. fxg6 f5 23. Nxf5 bxc3 24. Ne7+ Kf8 25. Qf2+ Kxe7 26. Qf7+ Kd8 27. Bg5+ Bf6 28. Bxf6+ Nxf6 29. Qxf6+ Ke8 30. g7 Bc6 31. Qxe6+ 1-0